| 000 | 02044nam a2200433Ia 4500 | ||
|---|---|---|---|
| 001 | 45687918 | ||
| 003 | PE-LiUPU | ||
| 005 | 20250731173603.0 | ||
| 008 | 010109s2000 enk b 001 0 eng d | ||
| 020 | _a1841271640 | ||
| 040 |
_aWTS _cPE-LiUPU _dPE-LiUPU _bspa _erda |
||
| 082 |
_223 _a226.6 _bM383t |
||
| 090 |
_aBS2625.2 _b.M378 2000 |
||
| 100 | 1 |
_aMartín-Asensio, Gustavo. _eautor. |
|
| 245 | 1 | 0 |
_aTransitivity-based foregrounding in the Acts of the Apostles : _ba functional-grammatical approach to the Lukan perspective / _cGustavo Martín-Asensio. |
| 264 |
_aSheffield : _bSheffield Academic Press, _c2000. |
||
| 300 |
_a198 páginas : _c24 cm. |
||
| 440 | 0 |
_aJournal for the study of the New Testament. _pSupplement series ; _v202. |
|
| 440 | 0 |
_aStudies in New Testament Greek ; _v8. |
|
| 504 | _aIncluye referencias bibliográficas (p. [178]-198) e índices. | ||
| 505 | _aHALLIDAYAN FUNCTIONAL GRAMMAR AS HEIR TO NEW TESTAMENT RHETORICAL CRITICISM: THE CASE OF FOREGROUNDING -- THE RELEVANCE OF FOREGROUNDING FOR INTERPRETATION AND TRANSLATION: THE EPISODE OF PAUL'S SHIPWRECK (ACTS 27) AS A CASE STUDY -- PARTICIPANT REFERENCE AND FOREGROUNDED TRANSITIVITY PATTERNS IN THE STEPHEN EPIsODE (ACTS 6-7) -- LUKE'S SECOND SURVEY OF ISRAEL'S HISTORY (ACTS 13.16B-25): REDACTION AND REGISTER VARIATION -- FOREGROUNDING SCHEME AND RHETORICAL STRATEGY IN THE EPISODE OF PAUL'S ARREST AND DEFENSE (ACTS 21-22) – FOREGROUNDED TRANSITIVITY PATTERNS IN THE PENTECOST EPISODE (ACTS 2). | ||
| 526 | _aSEG42 | ||
| 526 | _aSEG41 | ||
| 526 | _aSEG40 | ||
| 526 | _aSEG39 | ||
| 526 | _aP94 | ||
| 526 | _aP87 | ||
| 526 | _aP86 | ||
| 526 | _aP85 | ||
| 526 | _aP77 | ||
| 526 | _aP76 | ||
| 526 | _aP35 | ||
| 630 | 1 | 4 |
_aBiblia. _pHechos _xLenguaje y estilo. _92339 |
| 650 | 0 | _aForegrounding. | |
| 650 | 2 | 4 |
_aRetórica en la biblia. _95069 |
| 650 | 0 |
_aFuncionalismo (Lingüística). _95070 |
|
| 942 |
_2ddc _cBK _n0 |
||
| 999 |
_c62868 _d62867 |
||
| 980 |
_618226 _aJaime Vilcazán Jefe de Análisis Documental _81 _gALBERTO SANCHEZ Responsable de Automatización |
||